A catalogue of the household furniture and effects of T. Fulcher, Gent. deceased, at his late dwelling-house in Shotesham, Norfolk which will be sold by auction by J. Sharpe on Monday October 27, 1806 and two following days (Record no. 116441)

MARC details
000 -LEADER
fixed length control field 00840cam a22002055a 4500
001 - CONTROL NUMBER
control field L140706
008 - FIXED-LENGTH DATA ELEMENTS--GENERAL INFORMATION
fixed length control field 071008s1806 xxk eng u
035 ## - SYSTEM CONTROL NUMBER
System control number (Sirsi) u140706
041 0# - LANGUAGE CODE
Language code of text/sound track or separate title eng
100 1# - MAIN ENTRY--PERSONAL NAME
Personal name Sharpe, J.
245 02 - TITLE STATEMENT
Title A catalogue of the household furniture and effects of T. Fulcher, Gent. deceased, at his late dwelling-house in Shotesham, Norfolk which will be sold by auction by J. Sharpe on Monday October 27, 1806 and two following days
260 ## - PUBLICATION, DISTRIBUTION, ETC.
Place of publication, distribution, etc. S.l.
Name of publisher, distributor, etc. s.n.
Date of publication, distribution, etc. [1806]
Place of manufacture (Norwich
Manufacturer Stevenson and Matchett)
300 ## - PHYSICAL DESCRIPTION
Extent 15 p.
Dimensions 19 cm.
340 ## - PHYSICAL MEDIUM
Material base and configuration Printed
351 ## - ORGANIZATION AND ARRANGEMENT OF MATERIALS
Hierarchical level Single item
500 ## - GENERAL NOTE
General note Auction includes the sale of the dwelling house and associated land and outbuildings.
651 4# - SUBJECT ADDED ENTRY--GEOGRAPHIC NAME
Geographic name Norfolk
690 ## - LOCAL SUBJECT ADDED ENTRY--TOPICAL TERM (OCLC, RLIN)
Topical term or geographic name as entry element PROPERTY-PROPERTY ACQUISITION AND DISPOSAL-ACQUISITION AND DISPOSAL AT AUCTION
942 ## - ADDED ENTRY ELEMENTS (KOHA)
Suppress in OPAC 0
Holdings
Withdrawn status Lost status Source of classification or shelving scheme Damaged status Not for loan Home library Current library Shelving location Date acquired Total Checkouts Full call number Barcode Date last seen Copy number Price effective from Koha item type
    Dewey Decimal Classification     London London Basement 08/10/2007   BASEMENT BOX 1 140706-1001 06/08/2019 1 06/08/2019 Archive